000 01285nam a2200349 c 4500
003 BLK
005 20250728085006.0
008 180408b bul|||||r ||||||| ||bul||
010 _aKNG00087425000
020 _a978-954-529-608-6
_bиздат.: Колибри
040 _aBLK
041 _aBUL
_cBUL
080 _aАмериканска литература (на САЩ)
_b821.111(73)
_x-312.4
_z821.111(73)-312.4
100 1 _aАнгър, Лиса
_eпърви автор
_931896
700 _aГлавусанов, Павел Грозданов
_9241906
139 _aАнгър, Лиса
_bА 64
245 1 0 _aНесвяст
_cЛиса Ангър; прев. от англ. Павел Грозданов Главусанов.
257 _aUSA
260 София
_bКолибри
_c2008
_fСофия : Симолини
300 _a317 с.
_c20 см
380 _aX
490 1 _aСъвременни трилъри
500 _aОриг. загл. Black Out / Lisa Unger. - Съдържа и за авт.
653 _aтрилъри
653 _aромани
852 _aЦб 242541
856 4 _qpdf
_u
856 4 _qpdf
_u
942 _cKNG
_n0
_063
944 _aCR
_c22.01.2009
_lЦветелина Шанова
_k30531
944 _aED
_c21.11.2011
_lф /
_k
999 _c82888
_d82888